Načítá se...
Environmental education /
| Další autoři: | |
|---|---|
| Médium: | Printed Book |
| Vydáno: |
New Delhi:
Anmol,
2008.
|
| Témata: |
| LEADER | 00501cam a2200157ua 4500 | ||
|---|---|---|---|
| 008 | 110218t2008||||||||||| 00 ||||| c | ||
| 082 | |a 333.707 |b SHA/E | ||
| 245 | 0 | 0 | |a Environmental education / |
| 260 | |a New Delhi: |b Anmol, |c 2008. | ||
| 300 | |a 401p.. | ||
| 362 | 1 | |a 2008. | |
| 650 | 0 | |a Environment-Education | |
| 700 | 0 | 2 | |a V.S.Sharma, |
| 942 | |c BK | ||
| 999 | |c 24929 |d 24929 | ||
| 952 | |0 0 |1 0 |4 0 |6 333_707000000000000_SHA |7 0 |9 26521 |a KUCL |b KUCL |d 2014-05-23 |l 1 |o 333.707 SHA/ |p 25427 |r 2020-02-14 |s 2020-01-04 |w 2014-05-23 |y BK | ||